Bệnh gan và cách điều trị
Nội dung sách trình bày một số kiến thức cơ bản về gan và các chức năng của gan, cách phòng và chữa trị các bệnh gan thường gặp; liệu pháp ăn uống đối với người mắc bệnh gan.
שמור ב:
| מחברים אחרים: | |
|---|---|
| פורמט: | ספר |
| שפה: | Vietnamese |
| יצא לאור: |
H.
Hồng Đức
2020
|
| סדרה: | Cẩm nang cho người bệnh
|
| נושאים: | |
| תגים: |
הוספת תג
אין תגיות, היה/י הראשונ/ה לתייג את הרשומה!
|
| Thư viện lưu trữ: | Thư viện Trường Đại học Nam Cần Thơ |
|---|
| LEADER | 01050nam a22002057a 4500 | ||
|---|---|---|---|
| 001 | NCT_99371 | ||
| 008 | 220312b xxu||||| |||| 00| 0 vie d | ||
| 999 | |c 4971 |d 4971 | ||
| 020 | |a 9786049916137 |c 72000 | ||
| 082 | 0 | 4 | |2 23rd ed. |a 616.362 |b B256G |
| 245 | 0 | 0 | |a Bệnh gan và cách điều trị |c Lan Anh (Biên soạn) |
| 260 | |a H. |b Hồng Đức |c 2020 | ||
| 300 | |a 199 tr. |b Minh họa |c 21cm | ||
| 490 | 0 | |a Cẩm nang cho người bệnh | |
| 520 | 3 | |a Nội dung sách trình bày một số kiến thức cơ bản về gan và các chức năng của gan, cách phòng và chữa trị các bệnh gan thường gặp; liệu pháp ăn uống đối với người mắc bệnh gan. | |
| 653 | |a Y đa khoa | ||
| 700 | 1 | |a Lan Anh |e Biên soạn | |
| 942 | |2 ddc |c BK | ||
| 952 | |0 0 |1 0 |2 ddc |4 0 |6 616_362000000000000_B256G |7 0 |9 22394 |a 000001 |b 000001 |d 2022-03-12 |o 616.362 B256G |p MD.19274 |r 2022-03-12 |v 72000.00 |w 2022-03-12 |y BK | ||
| 980 | |a Thư viện Trường Đại học Nam Cần Thơ | ||


